00329nam a22001097a 4500082000800000100001600008245007500024260003700099300001900136650003500155700002900190 a004 aAzam, Aniqa aDetection of New Vessels on Optics Disc in Fundus Images /cAniqa Azam aIslamabad :bCEME - NUST,c2014. a72 p. ;c30cm. aComputer Engineering-MS-Thesis aDr. Muhammad Usman Akram